Disney Princess Quiz - Statistics

General Stats
  • This quiz has been taken 77 times
    76 since last reset
  • The average score is 14 of 16
Answer Stats
Movie Princess % Correct
Beauty and the Beast Belle
98%
Little Mermaid Ariel
97%
_____ in Wonderland Alice
95%
Frozen Anna
95%
Sleeping Beauty Aurora
95%
Frozen Elsa
95%
Tangled Rapunzel
94%
____ _____ and the Seven Dwarves Snow White
94%
Brave Merida
92%
____ and the Last Dragon Raya
92%
Princess and the Frog Tiana
92%
__________ Cinderella
91%
_____ Mulan
78%
___________ Pocahontas
78%
______ Moana
77%
_________ Anastasia
3%
No matching quizzes found
Score Distribution
Percent of People with Each Score
Percentile by Number Answered
Your Score History
You have not taken this quiz since the last reset